000 00565nam a2200193Ia 4500
005 20250423094949.0
008 250422s9999 xx 000 0 und d
020 _a9780071212281
050 _aRC 801 .C87/
100 _aEdited by Scott L. Friedman; Kenneth R. McQuaid & James H. Grendell
245 0 _aCurrent diagnosis & treatment in gastroenterology
250 _a2nd ed.
260 _aNew York
260 _bMcGraw-Hill
260 _c2003
300 _a867 p
650 _a Gastroenterology. Gastrointestinal system--Diseases.
942 _cBK
999 _c28826
_d28826